| 000 | nam a22 a 4500 | ||
|---|---|---|---|
| 999 |
_c924 _d924 |
||
| 003 | AKMAL | ||
| 005 | 20170508093033.0 | ||
| 008 | 170508s1996 myb 00 may d | ||
| 020 |
_a9839888900 (kkt.): _cRM 11.00 |
||
| 040 | _aAKMAL | ||
| 082 | 0 | 4 | _a297.22 ZAI |
| 090 |
_a297.22 _bZAI |
||
| 100 | 0 |
_aZaini Zamani _91973 |
|
| 245 | 1 | 0 |
_aSiapa anak Muslim / _cZaini Zamani |
| 260 |
_aBatu Caves : _bPustaka Ilmi, _c1996 |
||
| 300 |
_av, 186ms. ; _c22cm |
||
| 504 | _aMengandungi bibliografi | ||
| 650 |
_aChildren _xConduct of life _xReligious aspects _xIslam _91974 |
||
| 650 |
_aIslam _xCustoms and practices _91330 |
||
| 942 |
_2ddc _cBOOK |
||